[Event "Mechanics' Shipman TNM; G/2 d/5"]
[Site "San Francisco"]
[Date "2018.09.04"]
[Round "5.20"]
[White "Simpkins, Jerry"]
[Black "Thet, Lyn Aung"]
[Result "0-1"]
[WhiteElo "1565"]
[BlackElo "1785"]
[PlyCount "46"]
[EventDate "2018.??.??"]
[Source "ChessBase"]
[SourceDate "2007.09.04"]

1. e4 c5 2. f4 g6 3. Nf3 Bg7 4. d3 Nc6 5. c3 d5 6. e5 f6 7. d4 Qb6 8. Bd3 Bg4
9. Be2 Rd8 10. Na3 cxd4 11. Nxd4 Bxe2 12. Nxe2 fxe5 13. fxe5 Nxe5 14. Nd4 Nf6
15. Qa4+ Nfd7 16. O-O Nf7 17. Be3 O-O 18. Nf5 d4 19. Nxe7+ Kh8 20. Bxd4 Qe6 21.
Bxg7+ Kxg7 22. Qd4+ Nf6 23. Qe3 Qxe7 0-1

[Event "Mechanics' Winter TNM; G/2 d5"]
[Site "San Francisco"]
[Date "2018.02.20"]
[Round "7.32"]
[White "Simpkins, Jerry"]
[Black "Yamamoto, Craig"]
[Result "1-0"]
[WhiteElo "1580"]
[BlackElo "1520"]
[PlyCount "89"]
[EventDate "2018.??.??"]
[Source "ChessBase"]
[SourceDate "2007.09.04"]

1. e4 c5 2. f4 d6 3. d3 Nc6 4. c3 Nf6 5. Nf3 e6 6. Na3 a6 7. Nc2 b5 8. Be2 h6
9. O-O Nh7 10. Ne3 Be7 11. g4 g5 12. f5 Qc7 13. fxe6 fxe6 14. Bd2 Bf6 15. Be1
Qg7 16. Bg3 Qd7 17. Rc1 b4 18. Nc4 d5 19. Nb6 Qb7 20. Nxa8 Qxa8 21. e5 Bg7 22.
Qe1 Qa7 23. Bd1 Bd7 24. a3 bxc3 25. bxc3 Qb8 26. Bc2 Qb2 27. d4 cxd4 28. Bg6+
Kd8 29. cxd4 Qb6 (29... Nxd4 30. Qa5+) 30. Bf2 Ne7 31. Bd3 Ba4 32. Rb1 Qa7 33.
Qb4 Bd7 34. Qd6 Nc8 35. Qxa6 Bf8 36. Be1 Qxa6 37. Bxa6 Bxa3 38. Ba5+ Ke8 39.
Rb8 Kf7 40. Nxg5+ Kg6 41. Nxh7 Rxh7 42. Bd3+ Kg7 43. Bxh7 Kxh7 44. Rf7+ Kg6 45.
Rxd7 1-0

[Event "Mechanics' Winter TNM; G/2 d5"]
[Site "San Francisco"]
[Date "2018.01.30"]
[Round "4.14"]
[White "Singh, Amitoj"]
[Black "Askin, David Benjamin"]
[Result "1/2-1/2"]
[WhiteElo "1710"]
[BlackElo "1983"]
[Annotator "Donaldson"]
[PlyCount "75"]
[EventDate "2018.??.??"]
[Source "ChessBase"]
[SourceDate "2007.09.04"]

1. e4 c6 2. d4 d5 3. Nc3 dxe4 4. Nxe4 Bf5 5. Ng3 Bg6 6. h4 h6 7. Nf3 Nd7 8. h5
Bh7 9. Bf4 e6 10. Bd3 Bxd3 11. Qxd3 Qa5+ 12. Bd2 Bb4 13. c3 Be7 14. O-O Ngf6
15. Rfe1 O-O (15... Nxh5 16. b4) 16. Nf5 Rfe8 17. Nxe7+ Rxe7 18. Ne5 Qc7 19.
Qf3 Nxe5 20. Rxe5 Nd7 21. Re2 Rae8 22. Bf4 e5 23. dxe5 Nxe5 24. Qg3 f6 25. Rd2
Kh8 26. Rad1 Qa5 27. b4 Qb5 28. Rd8 Qe2 29. Bxe5 Rxe5 30. Qg6 Qe4 {Diagram [#]}
31. Qf7 (31. R1d7 $1) 31... R5e7 32. Rxe8+ Rxe8 33. Rd7 (33. Qxb7 Qg4) 33...
Rg8 34. Re7 (34. Rxb7 Qe1+ 35. Kh2 Qxf2) 34... Qf4 35. Re8 Qc1+ 36. Kh2 Qf4+
37. Kg1 Rxe8 38. Qxe8+ 1/2-1/2

[Event "Mechanics' Winter TNM; G/2 d5"]
[Site "San Francisco"]
[Date "2018.02.13"]
[Round "6.47"]
[White "Singh, Amitoj"]
[Black "Karp, Richard"]
[Result "1/2-1/2"]
[WhiteElo "1710"]
[BlackElo "1834"]
[PlyCount "105"]
[EventDate "2018.??.??"]
[Source "ChessBase"]
[SourceDate "2007.09.04"]

1. e4 c5 2. Nf3 Nc6 3. d4 cxd4 4. Nxd4 Nf6 5. Nc3 g6 6. Be3 Bg7 7. Be2 O-O 8.
Qd2 d6 9. O-O-O Nxd4 10. Bxd4 Be6 11. Qg5 Rc8 12. h4 Rxc3 13. bxc3 Nxe4 14. Qe3
Nf6 15. h5 Nd5 16. Qf3 Qa5 17. Bxg7 Kxg7 18. Kd2 Rc8 19. Bd3 Nxc3 20. hxg6
Nxd1+ 21. Kxd1 hxg6 22. Qxb7 Qxa2 23. Re1 Qa1+ 24. Ke2 Qe5+ 25. Kf1 Qc5 26.
Qxe7 Bc4 27. Kg1 Bxd3 28. cxd3 a5 29. Qd7 Rc7 30. Qe8 d5 31. Qe5+ f6 32. Qe8
Qc3 33. Re7+ Rxe7 34. Qxe7+ Kh6 35. Qe3+ g5 36. Qe6 Qe5 37. Qa6 Qe1+ 38. Kh2
Qxf2 39. Qxa5 Qf4+ 40. Kg1 Qe3+ 41. Kh2 Qxd3 42. Qd8 Qf5 43. Qh8+ Kg6 44. Qg8+
Kh5 45. Qh8+ Kg4 46. Qh3+ Kf4 47. Qg3+ Ke4 48. Qe1+ Kd4 49. Qa1+ Kc4 50. Qc1+
Kd4 51. Qa1+ Kc4 52. Qc1+ Kd4 53. Qa1+ 1/2-1/2

[Event "Mechanics' Winter TNM; G/2 d5"]
[Site "San Francisco"]
[Date "2018.02.20"]
[Round "7.14"]
[White "Singh, Amitoj"]
[Black "Steger, Eric"]
[Result "0-1"]
[WhiteElo "1710"]
[BlackElo "1916"]
[PlyCount "94"]
[EventDate "2018.??.??"]
[Source "ChessBase"]
[SourceDate "2007.09.04"]

1. e4 d6 2. d4 Nf6 3. Nc3 g6 4. Nf3 Bg7 5. Be3 c6 6. h3 b5 7. a3 Bb7 8. d5 a6
9. Bd3 c5 10. O-O Nbd7 11. Nd2 O-O 12. f4 e6 13. dxe6 fxe6 14. f5 Qe8 15. fxg6
Qxg6 16. Ne2 Nh5 17. Nf4 Nxf4 18. Rxf4 Rxf4 19. Bxf4 Bd4+ 20. Kh2 Bxb2 21. Bxd6
e5 22. Ra2 Bd4 23. Be7 Kh8 24. c4 bxc4 25. Bxc4 Re8 26. Bh4 Bxe4 27. Nxe4 Qxe4
28. Qh5 Rf8 29. Bxa6 Qb1 30. Bc4 Qg1+ 31. Kg3 Bf2+ 32. Rxf2 Qxf2+ 33. Kh2 Qf4+
34. Bg3 Qxc4 35. Bxe5+ Nxe5 36. Qxe5+ Kg8 37. Qg5+ Kf7 38. Qf5+ Ke7 39. Qe5+
Kd7 40. Qb2 Rf1 41. Qb7+ Kd6 42. Qb8+ Kd5 43. Qd8+ Ke5 44. Qh8+ Ke4 45. Qxh7+
Ke3 46. Qe7+ Kd2 47. Qd7+ Qd4 0-1

[Event "Mechanics' Winter TNM; G/2 d5"]
[Site "San Francisco"]
[Date "2018.01.16"]
[Round "2.7"]
[White "Singh, Amitoj"]
[Black "Thornally, Frank"]
[Result "0-1"]
[WhiteElo "1710"]
[BlackElo "2200"]
[Annotator "Donaldson"]
[PlyCount "54"]
[EventDate "2018.??.??"]
[Source "ChessBase"]
[SourceDate "2007.09.04"]

1. e4 d5 2. exd5 Nf6 3. d4 Bg4 4. f3 Bf5 5. Bb5+ Nbd7 6. c4 e6 7. g4 Bg6 8.
dxe6 fxe6 9. Qe2 c6 10. Qxe6+ Be7 11. Bxc6 (11. Ba4 Bxb1 12. Rxb1 Qa5+) 11...
bxc6 12. Qxc6 O-O 13. Nc3 Nb6 14. c5 Qxd4 15. cxb6 Bc5 16. Nh3 Bd3 17. Bd2
Rfe8+ 18. Kd1 Rad8 19. Re1 Be4 20. Nxe4 Rxe4 21. Re2 Rxe2 22. Kxe2 Qxd2+ 23.
Kf1 axb6 24. Re1 Qxh2 25. Qe6+ Kf8 26. g5 Re8 27. Qf5 Qh1+ 0-1

[Event "Mechanics' Spring TNM; G/2 d5"]
[Site "San Francisco"]
[Date "2018.03.27"]
[Round "2.11"]
[White "Singh, Amitoj P"]
[Black "Gray, William"]
[Result "0-1"]
[WhiteElo "1710"]
[BlackElo "1982"]
[PlyCount "54"]
[EventDate "2018.??.??"]
[Source "ChessBase"]
[SourceDate "2007.09.04"]

1. e4 c5 2. Nf3 d6 3. d4 cxd4 4. Nxd4 Nf6 5. Nc3 e6 6. Bg5 Be7 7. Ndb5 O-O 8.
f4 Qb6 9. e5 dxe5 10. fxe5 Bc5 11. exf6 Bf2+ 12. Kd2 a6 13. fxg7 Rd8+ 14. Bd3
axb5 15. Kc1 Be3+ 16. Bxe3 Qxe3+ 17. Kb1 Nc6 18. Rf1 f5 19. g4 b4 20. Ne2 Ra5
21. Qe1 Rxd3 22. cxd3 Qxd3+ 23. Kc1 Rc5+ 24. Nc3 bxc3 25. b3 Rd5 26. Qd1 Qe3+
27. Kb1 Rd2 0-1

[Event "Mechanics' Spring TNM; G/2 d5"]
[Site "San Francisco"]
[Date "2018.04.10"]
[Round "4.37"]
[White "Singh, Amitoj P"]
[Black "Kondakova, Elena"]
[Result "1-0"]
[WhiteElo "1710"]
[BlackElo "1464"]
[PlyCount "55"]
[EventDate "2018.??.??"]
[Source "ChessBase"]
[SourceDate "2007.09.04"]

1. c4 Nf6 2. Nc3 g6 3. Nf3 Bg7 4. e4 d6 5. d4 O-O 6. Bg5 Nbd7 7. Qd2 c5 8. d5
Ng4 9. h3 Nge5 10. Nxe5 Nxe5 11. f4 Nd7 12. Nb5 $2 (12. Bd3) 12... h6 13. Bh4
a6 14. Nxd6 $2 {Diagram [#]} Nf6 $2 (14... g5 $1) 15. Nxc8 Rxc8 16. Bd3 Qd7 17.
e5 Ne8 18. Rd1 b5 19. O-O Nc7 20. b3 b4 21. Qc2 Kh7 22. Rde1 a5 23. f5 Kg8 24.
f6 exf6 25. exf6 Bh8 26. Re7 Qd8 {Diagram [#]} 27. Bxg6 $1 Ne8 28. Bh7# 1-0

[Event "Mechanics' Spring TNM; G/2 d5"]
[Site "San Francisco"]
[Date "2018.04.24"]
[Round "6.30"]
[White "Singh, Amitoj P"]
[Black "Revi, Frank"]
[Result "1-0"]
[WhiteElo "1710"]
[BlackElo "1256"]
[PlyCount "43"]
[EventDate "2018.??.??"]
[Source "ChessBase"]
[SourceDate "2007.09.04"]

1. e4 c5 2. Nf3 d6 3. d4 cxd4 4. Nxd4 Nc6 5. Nc3 a6 6. Be3 Nf6 7. Be2 e6 8. Qd2
Be7 9. Rd1 Qc7 10. f4 b5 11. Nxc6 Qxc6 12. Bf3 e5 13. Nd5 Nxd5 14. exd5 Qd7 15.
fxe5 Bb7 16. e6 fxe6 17. dxe6 Qc7 18. Bxb7 Qxb7 19. O-O Rd8 20. Rf7 Qe4 21.
Rxe7+ Kxe7 22. Bg5+ 1-0

[Event "Mechanics' Spring TNM; G/2 d5"]
[Site "San Francisco"]
[Date "2018.05.08"]
[Round "8.19"]
[White "Singh, Amitoj P"]
[Black "Simpkins, Jerry"]
[Result "1-0"]
[WhiteElo "1710"]
[BlackElo "1580"]
[PlyCount "83"]
[EventDate "2018.??.??"]
[Source "ChessBase"]
[SourceDate "2007.09.04"]

1. e4 e5 2. Nf3 f5 3. d3 d6 4. Nc3 Nf6 5. Be2 f4 6. d4 Bd7 7. dxe5 dxe5 8. Nxe5
Bb4 9. f3 Qe7 10. Bxf4 Nh5 11. Nxd7 Nxf4 12. Nxb8 Rxb8 13. O-O Bxc3 14. bxc3
Qc5+ 15. Kh1 Rd8 16. Qe1 Nxe2 17. Qxe2 Qxc3 18. Qb5+ c6 19. Qxb7 Qxc2 20. Qxg7
Rf8 21. Rfc1 Qd3 22. Qe5+ Kf7 23. Qc7+ Kg8 24. Qxc6 Rxf3 25. Qe6+ Rf7 26. Rab1
Kg7 27. Qg4+ Kh8 28. Rd1 Rdf8 29. h3 Qc2 30. Rbc1 Qxa2 31. Rc8 Qa6 32. Rxf8+
Rxf8 33. e5 Rf1+ 34. Rxf1 Qxf1+ 35. Kh2 Qe1 36. Qf5 Kg8 37. e6 Qb4 38. Qf7+ Kh8
39. Qf6+ Kg8 40. Qd8+ Kg7 41. Qc7+ Kf8 42. Qf7# 1-0

[Event "Mechanics' Shipman TNM; G/2 d/5"]
[Site "San Francisco"]
[Date "2018.09.11"]
[Round "6.10"]
[White "Sloan, Sam"]
[Black "Clemens, Kristian"]
[Result "0-1"]
[WhiteElo "1949"]
[BlackElo "2014"]
[PlyCount "96"]
[EventDate "2018.??.??"]
[Source "ChessBase"]
[SourceDate "2007.09.04"]

1. g4 d5 2. Bg2 c5 3. h3 Nc6 4. Nc3 e6 5. d3 Bd6 6. e4 d4 7. Nce2 Nge7 8. f4
Ng6 9. Nf3 e5 10. f5 Nh4 11. O-O Nxf3+ 12. Rxf3 Bd7 13. a3 Be7 14. Bd2 Bg5 15.
Ng3 g6 16. Qe2 Bxd2 17. Qxd2 Qe7 18. Raf1 O-O-O 19. Qh6 Be8 20. Qg7 Qf8 21. Qf6
Rd6 22. Qh4 Qg8 23. g5 h6 24. Qg4 Bd7 25. h4 hxg5 26. Qxg5 Be8 27. h5 f6 28.
Qg4 gxh5 29. Qh3 Qg4 30. Kh2 Nd8 31. Nh1 Nf7 32. Rg3 Qxh3+ 33. Kxh3 Ng5+ 34.
Kh4 Bf7 35. b3 b5 36. Rb1 Kc7 37. Bf3 a5 38. Be2 Rdd8 39. Rgg1 Kc6 40. Ng3 Rc8
41. Rh1 Rcg8 42. Rbg1 a4 43. Bd1 Ra8 44. Bxh5 Bxh5 45. Nxh5 Nf3+ 46. Kg4 Nxg1
47. Rh2 Rag8+ 48. Kh4 Nf3+ 0-1

[Event "Mechanics' Shipman TNM; G/2 d/5"]
[Site "San Francisco"]
[Date "2018.08.28"]
[Round "4.22"]
[White "Sloan, Sam"]
[Black "Lilles, Alex"]
[Result "1-0"]
[WhiteElo "1949"]
[BlackElo "1619"]
[PlyCount "53"]
[EventDate "2018.??.??"]
[Source "ChessBase"]
[SourceDate "2007.09.04"]

1. g4 d5 2. Bg2 c6 3. g5 e5 4. d3 Be6 5. Nc3 f5 6. f4 Nd7 7. e4 Ne7 8. Nf3 exf4
9. Bxf4 Ng6 10. Bd2 fxe4 11. dxe4 dxe4 12. Nxe4 Qe7 13. Qe2 Bd5 14. Nd6+ Kd8
15. Nxb7+ Kc7 16. Na5 Qc5 17. O-O-O Rb8 18. Nb3 Bxb3 19. axb3 Bd6 20. Kb1 Rhe8
21. Qa6 Nb6 22. Bc3 Nf4 23. Rd2 Nxg2 24. Rxg2 Qd5 25. Rf1 Rf8 26. Rgf2 Bc5 27.
Rd2 1-0

[Event "Mechanics' Spring TNM; G/2 d5"]
[Site "San Francisco"]
[Date "2018.03.27"]
[Round "2.46"]
[White "Smith, Max"]
[Black "Bayaraa, Timothy"]
[Result "0-1"]
[WhiteElo "101"]
[BlackElo "1019"]
[Annotator "Donaldson"]
[PlyCount "70"]
[EventDate "2018.??.??"]
[Source "ChessBase"]
[SourceDate "2007.09.04"]

1. d4 d5 2. c4 Nf6 3. Nc3 Bf5 4. Bf4 e6 5. Nf3 Bb4 6. e3 Bxc3+ 7. bxc3 Ne4 8.
Rc1 O-O 9. cxd5 Qxd5 10. Bd3 Nc6 11. c4 Qa5+ 12. Nd2 Nc3 13. Qc2 Bxd3 14. Qxd3
Na4 15. Rc2 Nb4 16. Nb3 Nxc2+ 17. Kd1 Nb2+ 18. Kxc2 Nxd3 19. Nxa5 Nxf4 20. exf4
b6 21. Nc6 Rfe8 22. Ne5 f6 23. Nc6 Kf7 24. g4 f5 25. f3 h6 26. h4 h5 27. Kd3
hxg4 28. Ne5+ Ke7 29. fxg4 fxg4 30. Rg1 Kf6 31. Rxg4 c5 32. d5 $2 (32. Rg6+ Kf5
33. Rg5+ Kxf4 34. Rg4+ Kf5 35. Rg5+ {draws} Kf6 36. Rg6+ Ke7 (36... Kf5 37.
Rg5+ {draws}) 37. Rxg7+ {is no worse for white.}) 32... exd5 33. Rg6+ Kf5 34.
Rg5+ Kxf4 35. Rg4+ Kxe5 0-1

[Event "Mechanics' Summer TNM; G/2 d/5"]
[Site "San Francisco"]
[Date "2018.06.26"]
[Round "5.22"]
[White "Smith, Robert"]
[Black "Touset, Stephen"]
[Result "1-0"]
[WhiteElo "1820"]
[BlackElo "1587"]
[PlyCount "88"]
[EventDate "2018.??.??"]
[Source "ChessBase"]
[SourceDate "2007.09.04"]

1. e4 c5 2. Nc3 Nc6 3. g3 g6 4. Bg2 Bg7 5. Nge2 Nf6 6. O-O O-O 7. d3 d6 8. h3
Bd7 9. f4 Qc8 10. g4 Nd4 11. Be3 Bxg4 12. hxg4 Nxg4 13. Bxd4 cxd4 14. Nd5 Qd7
15. Ng3 h5 16. Bh3 e6 17. Bxg4 hxg4 18. Qxg4 Qd8 19. f5 exd5 20. fxg6 fxg6 21.
Qxg6 Rf6 22. Rxf6 Qxf6 23. Qg4 dxe4 24. Rf1 Qh6 25. Nxe4 Rf8 26. Rxf8+ Kxf8 27.
Qc8+ Ke7 28. Qxb7+ Ke6 29. Qc8+ Kd5 30. Qb8 Kc6 31. Qa8+ Kd7 32. Qxa7+ Ke6 33.
Qa5 Qe3+ 34. Kf1 Qh3+ 35. Kg1 Qe3+ 36. Kg2 Qe2+ 37. Nf2 Be5 38. Qc7 Kf6 39. a4
Qd2 40. Qd8+ Kf5 41. a5 Kf4 42. a6 Ke3 43. Qh4 Qxc2 44. a7 Qc6+ 1-0

[Event "Mechanics' Summer TNM; G/2 d/5"]
[Site "San Francisco"]
[Date "2018.05.29"]
[Round "1.26"]
[White "Smith III, Robert"]
[Black "Carron, Joel"]
[Result "1-0"]
[WhiteElo "1820"]
[BlackElo "1382"]
[PlyCount "101"]
[EventDate "2018.??.??"]
[Source "ChessBase"]
[SourceDate "2007.09.04"]

1. e4 c5 2. Nc3 g6 3. g3 Bg7 4. Bg2 Nc6 5. Nge2 Nf6 6. O-O O-O 7. d3 d6 8. h3
a6 9. f4 e6 10. g4 Ne7 11. Ng3 Qc7 12. g5 Nd7 13. Be3 b5 14. f5 Bd4 15. Qd2 Bb7
16. Rae1 d5 17. Nce2 Bxb2 18. c3 Ba3 19. f6 Nc8 20. Nf4 d4 21. cxd4 Bb4 22. Qf2
Bxe1 23. Qxe1 Ncb6 24. Nge2 c4 25. Qh4 Kh8 26. Qh6 Rg8 27. Nxe6 fxe6 28. Rf4
Nf8 29. dxc4 Nxc4 30. Bf2 Nd6 31. Bg3 Qc2 32. f7 Rg7 33. Rf2 Nxf7 34. Rxf7 Rxf7
35. Be5+ Kg8 36. Nf4 Nd7 37. Nxg6 Nxe5 38. Nxe5 Qc1+ 39. Kh2 Qf4+ 40. Kh1 Qc1+
41. Kh2 Re7 42. Qf6 Qc7 43. g6 Rf8 44. gxh7+ Rxh7 45. Qxe6+ Kh8 46. Kh1 Kg7 47.
Qg6+ Kh8 48. Qe6 Rg8 49. Qf6+ Rgg7 50. Ng6+ Kg8 51. Qf8# 1-0

[Event "Mechanics' Summer TNM; G/2 d/5"]
[Site "San Francisco"]
[Date "2018.07.10"]
[Round "7.21"]
[White "Smith III, Robert"]
[Black "Casares Jr, Nick"]
[Result "1-0"]
[WhiteElo "1820"]
[BlackElo "1600"]
[PlyCount "59"]
[EventDate "2018.??.??"]
[Source "ChessBase"]
[SourceDate "2007.09.04"]

1. e4 e5 2. Nf3 Nc6 3. Bc4 Nf6 4. Ng5 Bc5 5. Bxf7+ Ke7 6. Bd5 Nxd5 7. exd5 Rf8
8. O-O Ke8 9. dxc6 Qxg5 10. d4 Qh4 11. dxc5 dxc6 12. Qe2 Rf5 13. Qe3 Rh5 14.
Qg3 Qf6 15. Nc3 Bf5 16. Re1 Bxc2 17. Bf4 Kf8 18. Bxe5 Qf7 19. Re2 Bg6 20. Bxc7
Kg8 21. Qd6 Bf5 22. Rae1 Rf8 23. Re7 Qc4 24. Qg3 Bg6 25. Be5 Rf7 26. Re8+ Rf8
27. Rxf8+ Kxf8 28. Bd6+ Kg8 29. Qe3 Bf7 30. Qe7 1-0

[Event "Mechanics' Summer TNM; G/2 d5"]
[Site "San Francisco"]
[Date "2018.06.05"]
[Round "2.5"]
[White "Smith III, Robert"]
[Black "Davila, Carlos"]
[Result "0-1"]
[WhiteElo "1820"]
[BlackElo "2128"]
[Annotator "Winslow,E"]
[PlyCount "108"]
[EventDate "2018.??.??"]
[Source "ChessBase"]
[SourceDate "2007.09.04"]

1. e4 c6 2. d4 d5 3. Nc3 dxe4 4. Nxe4 Bf5 5. Ng3 Bg6 6. Nf3 Nd7 7. h4 h6 8. h5
Bh7 9. Bd3 Bxd3 10. Qxd3 Ngf6 11. Bd2 e6 12. O-O-O Be7 13. Kb1 O-O 14. Ne4 c5 (
14... Nxe4 15. Qxe4 Nf6 16. Qe2 Qd5 17. Be3 Ng4 (17... b5 18. Nd2 b4 $5) 18.
Bc1 Rfd8 19. Ne5 Nf6 $2 20. f3 (20. Rhe1 $1 $16) (20. f4) 20... b5 $6 (20...
Qb5) 21. g4 $16 {1-0 (40) Winslow,E (2315)-O'Connor,D (2157) Berkeley 2016})
15. g4 {"The maximalist try" (Negi, in his first volume on 1.e4 for White in
the Grandmaster Repertoire series from Quality Chess.)} (15. Nxf6+ Bxf6 $1)
15... Nxe4 $5 (15... cxd4 16. g5 $1 Nxe4 17. Qxe4 {
is the move-order given by Negi}) (15... Nxg4 {Negi's note was "Black should
remove the g-pawn, otherwise White's attack runs smoothly." And a lot of crazy
lines!}) 16. Qxe4 cxd4 17. Nxd4 (17. g5 $1 {
is the move-order given by Negi -- and Winslow-Davila, Fall TNM 2017.} Nc5 18.
Qg4 hxg5 19. h6 g6 20. Bxg5 Bxg5 $6 (20... e5) 21. Rxd4 Qf6 $2 (21... Qe7 22.
Nxg5 Rad8 {"and White is running out of steam" was my note back then...}) 22.
Nxg5 e5 (22... Rad8 $4 23. Rf4 Qe7 24. Nxf7 $1 {shows the big difference.}) 23.
Rd5 $16 Qc6 $2 24. Rhd1 $18 (24. Qf3 $1 f6 25. Rxc5 $1 Qxc5 {I missed} 26. Qxb7
) 24... Rac8 25. Rd6 Qc7 (25... Qb5) (25... Qa4 26. c4) 26. Qf3 Ne6 27. c3 $5 (
{It was time to "cash in" with} 27. h7+ $1 Kh8 (27... Kg7 28. Nxe6+ fxe6 29.
Rd7+) 28. Qf6+ Ng7 {and *now*} 29. c3) 27... Nf4 ({The point is} 27... Nxg5 28.
Qf6 Ne6 29. h7+) (27... Qe7 28. Nxe6 fxe6 29. Qg4 {goes down fast}) 28. Rd7 Qb6
({I thought maybe} 28... Qc4 {during the game but Stockfish grinds out} 29.
Qxb7 Rce8 30. Rxf7 {anyway} Rxf7 31. h7+ Kg7 32. Nxf7) ({
I was ready to trade queens after} 28... Qc6 29. Qxc6 bxc6 30. Rxa7 {when after
} Nd5 {it could be time for} 31. h7+ {again}) 29. Qxb7 Qf6 $6 30. Rxf7 Rxf7 31.
Qxc8+ Rf8 32. Qc4+ (32. Qc7) (32. Qb7) 32... Kh8 33. Qc7 {
1-0 (33) Winslow,E (2318)-Davila,C (2131) San Francisco 2017 [Wnslow]}) 17...
Nc5 {Now Black's fine} 18. Qe3 Qb6 19. f4 Na4 (19... Rfd8) 20. Bc1 (20. Nb3 {
The endgame isn't so bad at all (for White that is)}) ({Computer likes} 20. b3
{; human is skeptical; computer eventually agrees}) 20... Rac8 21. Ka1 Bf6 $4 {
DiagRemoved} (21... Rc4 22. c3 Rfc8) 22. c3 $2 (22. g5 $1 {
appears to be pretty much winning!}) 22... e5 $2 {Trying to take the wind out
of White's kingside possibilities, but there' a problem} (22... Rfd8 23. Nb3
Qxe3 24. Bxe3 Nb6 25. Bxb6 axb6 26. Kb1 b5 $11) 23. Nb3 $2 (23. fxe5 Rfe8 24.
e6 fxe6 (24... Bxd4 25. Qxd4)) 23... Qa6 $2 24. Qd3 b5 25. g5 e4 26. Qd6 Rc6
27. Qa3 hxg5 28. fxg5 {[#]} b4 $1 29. Qxb4 Nxc3 30. Qa5 Nxd1 31. Qxa6 Rxa6 32.
gxf6 Nf2 33. fxg7 Nxh1 34. gxf8=Q+ Kxf8 35. Be3 f5 36. Nc5 Rd6 37. b4 Ng3 38.
h6 Nf1 39. Bf4 Rd1+ 40. Kb2 Kf7 41. Kc2 Rd5 42. Nb7 e3 43. Nd6+ Rxd6 44. Bxd6
e2 45. Bg3 Nxg3 46. Kd2 Kg6 47. a4 Ne4+ 48. Kxe2 Nc3+ 49. Kf3 Kxh6 50. Kf4 Kg6
51. a5 Kf6 52. Kf3 Ke5 53. Kf2 Ke4 54. Kf1 Ke3 0-1

[Event "Mechanics' Bedjanian TNM; G/2 d/5"]
[Site "San Francisco"]
[Date "2018.12.11"]
[Round "8.15"]
[White "Smith III, Robert"]
[Black "McKellar, Daniel"]
[Result "0-1"]
[WhiteElo "1819"]
[BlackElo "1878"]
[PlyCount "120"]
[EventDate "2018.??.??"]
[Source "ChessBase"]
[SourceDate "2007.09.04"]

1. e4 c5 2. Nc3 g6 3. g3 Bg7 4. Bg2 Nc6 5. Nge2 Nf6 6. O-O O-O 7. d3 d6 8. h3
Rb8 9. f4 e5 10. g4 exf4 11. Nxf4 Nd4 12. Ncd5 Nxd5 13. Nxd5 b5 14. c3 Nc6 15.
Be3 b4 16. d4 bxc3 17. bxc3 cxd4 18. cxd4 Ba6 19. Rf2 Nb4 20. Nxb4 Rxb4 21. Rb1
Qb6 22. Rxb4 Qxb4 23. Qb3 Qe1+ 24. Kh2 Bc4 25. Qxc4 Qxe3 26. Rf3 Qxd4 27. Qxd4
Bxd4 28. Bf1 Rc8 29. Bb5 Rc2+ 30. Kh1 Rxa2 31. Bc4 Rf2 32. Bxf7+ Kg7 33. Rxf2
Bxf2 34. Bd5 Kf6 35. Kg2 Be1 36. Kf3 a5 37. Bc6 Ke5 38. Ke3 Bb4 39. h4 Bc5+ 40.
Kf3 Ba3 41. g5 Kd4 42. Kg4 Bc1 43. h5 gxh5+ 44. Kxh5 Kc5 45. Bd5 a4 46. Kg4 Kd4
47. Kf5 a3 48. Ba2 {[#]} Bxg5 49. Bb1 h6 50. Ba2 Be3 51. Bd5 Kc5 52. Kg4 Kb4
53. Kf5 Bd4 54. Kg6 Kc3 55. Kxh6 Kb2 56. Kg5 a2 57. Bxa2 Kxa2 58. Kf4 Be5+ 59.
Ke3 Kb3 60. Kd3 Kb4 0-1

[Event "Mechanics' Bedjanian TNM; G/2 d/5"]
[Site "San Francisco"]
[Date "2018.10.30"]
[Round "2.3"]
[White "Smith III, Robert"]
[Black "Shaw, Tenzing"]
[Result "0-1"]
[WhiteElo "1819"]
[BlackElo "2290"]
[PlyCount "118"]
[EventDate "2018.??.??"]
[Source "ChessBase"]
[SourceDate "2007.09.04"]

1. e4 c5 2. Nc3 a6 3. g3 b5 4. Bg2 Bb7 5. Nge2 e6 6. O-O d6 7. d3 Nf6 8. h3 Be7
9. f4 Nc6 10. g4 Rc8 11. Ng3 Rc7 12. Be3 d5 13. exd5 exd5 14. Bd2 d4 15. Nce4
O-O 16. Nf5 Nxe4 17. Nxe7+ Nxe7 18. Bxe4 f5 19. Bxb7 Rxb7 20. Qf3 Qd7 21. Rae1
Ng6 22. Re2 Rb6 23. g5 Re6 24. Rfe1 Rfe8 25. Kh2 Rxe2+ 26. Rxe2 Rxe2+ 27. Qxe2
Kf7 28. Kg3 Qe6 29. Qxe6+ Kxe6 30. Ba5 Kd5 31. Bd8 Nf8 32. h4 Ne6 33. Ba5 b4
34. a3 bxa3 35. bxa3 Kc6 36. a4 c4 37. Kf3 cxd3 38. cxd3 Nc5 39. Ke2 Nxa4 40.
Kd2 Nc5 41. Kc2 Ne6 42. Bd2 h5 43. Kb2 Kb5 44. Kc2 Nc7 45. Kb3 Nd5 46. Ka3 a5
47. Kb3 Nb4 48. Bxb4 axb4 49. Kb2 Ka4 50. Ka2 b3+ 51. Kb2 g6 52. Kb1 Ka3 53.
Ka1 Ka4 54. Kb1 b2 55. Kxb2 Kb4 56. Kc2 Ka3 57. Kd1 Kb3 58. Kd2 Kb2 59. Kd1 Kc3
0-1

[Event "Mechanics' Bedjanian TNM; G/2 d/5"]
[Site "San Francisco"]
[Date "2018.11.13"]
[Round "4.10"]
[White "Smith III, Robert"]
[Black "Tsodikova, Natalya"]
[Result "1/2-1/2"]
[WhiteElo "1819"]
[BlackElo "2200"]
[Annotator "Winslow,Elliott"]
[PlyCount "97"]
[EventDate "2018.??.??"]
[Source "ChessBase"]
[SourceDate "2007.09.04"]

1. e4 e5 2. Nc3 Nf6 3. g3 Bc5 4. Bg2 Nc6 5. Nge2 d6 6. d3 Be6 7. O-O Qd7 8. Na4
Bh3 9. Nxc5 dxc5 10. c3 Bxg2 11. Kxg2 O-O-O 12. Bg5 Qxd3 13. Qxd3 Rxd3 14. Bxf6
gxf6 15. Rfd1 Rhd8 16. Rxd3 Rxd3 17. Kf1 Ne7 18. Ke1 f5 19. exf5 Nxf5 20. Rd1
c4 21. Rxd3 cxd3 22. Nc1 Kd7 23. Nxd3 Kd6 24. Kd2 a5 25. a4 Kd5 26. f3 f6 27.
b3 c5 28. Nb2 Nd6 29. Kd3 f5 30. c4+ Ke6 31. Ke3 Nf7 32. Nd3 Kd6 33. h4 Nd8 $2
(33... h5 $11) (33... b6 $11) (33... Nh6 $11) 34. g4 fxg4 $2 (34... e4 35. fxe4
fxg4 36. e5+ $16) 35. fxg4 $18 Nc6 (35... b6) 36. Ke4 Nd4 37. Nxe5 Nxb3 38. Kf5
Ke7 39. g5 Nd4+ 40. Ke4 Ke6 41. Nd3 b6 42. h5 Kf7 43. Nf4 Nb3 $18 44. Nd5 $4 (
44. Kd5) (44. Nd3) 44... Nd2+ $14 45. Kd3 Nf3 46. g6+ (46. Ke3 Nxg5 47. Kf4
Ne6+ 48. Ke5 Ng7 49. h6 Ne8 50. Nxb6 Kg6) 46... hxg6 47. hxg6+ Kxg6 48. Nxb6
Kf5 49. Nd5 1/2-1/2

[Event "Mechanics' Bedjanian TNM; G/2 d/5"]
[Site "San Francisco"]
[Date "2018.11.27"]
[Round "6.7"]
[White "Smith III, Robert"]
[Black "Wong, Russell"]
[Result "1/2-1/2"]
[WhiteElo "1819"]
[BlackElo "2200"]
[PlyCount "67"]
[EventDate "2018.??.??"]
[Source "ChessBase"]
[SourceDate "2007.09.04"]

1. e4 Nf6 2. Nc3 d6 3. g3 e5 4. Bg2 Be7 5. Nge2 Nc6 6. O-O h5 7. h3 h4 8. g4
Be6 9. d4 Bc4 10. Re1 Qd7 11. d5 Nb8 12. b3 Bxe2 13. Qxe2 a5 14. a4 Na6 15. f4
Nh7 16. Be3 b6 17. Qd2 exf4 18. Bxf4 O-O 19. e5 dxe5 20. Bxe5 Rae8 21. Re2 Nc5
22. Bf4 Bd6 23. Bxd6 Qxd6 24. Rae1 Nf6 25. Rxe8 Rxe8 26. Rxe8+ Nxe8 27. Qe3 Nf6
28. Nb5 Qd7 29. Qe5 Na6 30. Nd4 Qe8 31. Qg5 Qe1+ 32. Kh2 Qg3+ 33. Kh1 Qe1+ 34.
Kh2 1/2-1/2